=LDR 00000nam 2200000 4500 =001 INLIS000000000021500 =005 20200219015601 =035 ##$$a 0010-061300000021500 =008 200219################g##########0#ind## =041 ##$$a Ind =082 ##$$a 158.2 =090 ##$$a 371.404 4, Kea b =100 ##$$a Weiss, Donalg H. =245 1#$$a Bagaimana menghadapi orang sulit /$c Donald H. Weiss; Alih bahasa, Drs. Budi =260 ##$$a Yogyakarta :$b Binarupa Aksara,$c 1990 =300 ##$$a 340 hlm, ; $c 17 x 14 cm.. =850 ##$$a NBPNMAT =084 ##$$a 158.2 WEI b =650 #4$$a Ingatan =990 ##$$a 40.464/Pro 91 =990 ##$$a 00084823 =990 ##$$a 00084825 =990 ##$$a 00084823 =990 ##$$a 04630463 =990 ##$$a 1201353060 =990 ##$$a 00084825 =990 ##$$a 00084823 =990 ##$$a 0001/BPAP-NTB/2016 =990 ##$$a 00084825 =990 ##$$a 00084823 =990 ##$$a 1201353060 =990 ##$$a 00084824 =990 ##$$a 00084825 =990 ##$$a 00084823 =990 ##$$a 00084824 =990 ##$$a 00084825 =990 ##$$a 00084823 =990 ##$$a 00084825 =990 ##$$a 00084823 =990 ##$$a 00084824